| Tag |
First Indicator |
Second Indicator |
Subfields |
| LEADER |
00000cam a2200000Ma 4500 |
| 001 |
in00002434530 |
| 005 |
20151109195005.0 |
| 008 |
080929s2008 ohu b 001 1 eng d |
| 020 |
|
|
|a 9780976389583 (pbk.)
|
| 020 |
|
|
|a 0976389584 (pbk.)
|
| 035 |
|
|
|a (OCoLC)ocn216936725
|
| 035 |
|
|
|a (OCoLC)216936725
|
| 040 |
|
|
|a BTCTA
|c BTCTA
|d UtOrBLW
|
| 049 |
|
|
|a TXAM
|
| 050 |
1 |
4 |
|a PS3569.H317
|b C78 2008
|
| 082 |
0 |
4 |
|a 813/.54
|2 22
|
| 100 |
1 |
|
|a Shainberg, Lawrence,
|d 1936-
|
| 245 |
1 |
0 |
|a Crust :
|b a novel /
|c by Lawrence Shainberg.
|
| 264 |
|
1 |
|a [Granville, Ohio] :
|b Two Dollar Radio ;
|c 2008.
|
| 264 |
|
2 |
|a Minneapolis, Minn. :
|b Distributed to the trade by Consortium Book Sales & Distribution,
|
| 300 |
|
|
|a 228 pages ;
|c 19 cm.
|
| 336 |
|
|
|a text
|b txt
|2 rdacontent
|
| 337 |
|
|
|a unmediated
|b n
|2 rdamedia
|
| 338 |
|
|
|a volume
|b nc
|2 rdacarrier
|
| 504 |
|
|
|a Includes bibliographical references and index.
|
| 945 |
|
|
|a PromptCat
|b 560724
|
| 946 |
|
|
|a stk
|
| 947 |
|
|
|a A14836683029
|
| 994 |
|
|
|a 92
|b TXA
|
| 948 |
|
|
|a cataloged
|b h
|d 2008/12/3
|h c
|e asalazar
|f 9:25:05 am
|
| 999 |
|
|
|a MARS
|
| 999 |
f |
f |
|s d24f9817-eb59-3fe9-947a-ff812247a01e
|i 89583600-da67-3c78-9c17-5460d95d2dd1
|t 0
|
| 952 |
f |
f |
|p ric
|a Texas A&M University
|b Rellis Campus
|c Joint Library Facility
|d Remote Storage
|t 0
|e PS3569.H317 C78 2008
|h Library of Congress classification
|i unmediated -- volume
|m A14836683029
|
| 998 |
f |
f |
|a PS3569.H317 C78 2008
|t 0
|l Remote Storage
|